000 00808nam a2200301Ia 4500
001 5591
003 IT-RoPAU
008 130308s9999 xx 000 0 und d
040 _aIT-RoPAU
040 _cIT-RoPAU
041 _aFRANCESE
100 _aPszczolowska Lucylla
100 _gCodice Aut. SPICS: 2306
245 _aColloque de Brno sur la theorie du vers et sa problematique
245 _bEssays in Semiotics-Essais de Semiotique
250 _a1a ed.
260 _aPARIS
260 _bMouton
260 _c1971 [1° Ed.:1971 - Ed.Ling.Originale:1971]
300 _a"3 p. (prefazione: no ; testo: 3 [pagine: 571-573])"
500 _aTeoria del Verso
650 _aSEMIOLOGIA
650 _eCodice materia Spics: 3251
942 _cBK
957 _71
999 _c40582
_d40582
999 _bSI
999 _g1